LIBRARY & INFORMATION CENTRE, KCAET, TAVANUR

ONLINE PUBLIC ACCESS CATALOGUE (OPAC)

Agricultural problems of India / (Record no. 2835)

MARC details
000 -LEADER
fixed length control field 00504cam a2200193ua 4500
020 ## - INTERNATIONAL STANDARD BOOK NUMBER
ISBN 81 259 0018 7
041 ## - LANGUAGE CODE
Language code of text/sound track or separate title eng
082 ## - DEWEY DECIMAL CLASSIFICATION NUMBER
Classification number 630.301
Item number AGR/AG
100 ## - MAIN ENTRY--AUTHOR NAME
Personal name Agarwal, A N .
245 ## - TITLE STATEMENT
Title Agricultural problems of India /
250 ## - EDITION STATEMENT
Edition statement 1 /
260 ## - PUBLICATION, DISTRIBUTION, ETC. (IMPRINT)
Place of publication New Delhi :
Name of publisher Vikas publishing house pvt ltd ,
Year of publication 1996.
300 ## - PHYSICAL DESCRIPTION
Number of Pages 335 ; .
700 1# - ADDED ENTRY--PERSONAL NAME
Personal name Kundanlal, .
942 ## - ADDED ENTRY ELEMENTS (KOHA)
Koha item type Books
Holdings
Withdrawn status Lost status Damaged status Home library Current library Date acquired Full call number Accession Number Koha item type
      KAUAET KAUAET 07/04/2012 630.301 19419 Books
free website counter